| 000 | 00505nam a22001337a 4500 | ||
|---|---|---|---|
| 003 | SGT | ||
| 082 |
_a617.6342 _bC17S |
||
| 100 | _aSHARMA, KHUSHBOO | ||
| 245 | _aCOMPARATIVE EVALUATION OF PULPAL ANAESTHETIC EFFCACY OF DIFFERENT ANAESTHETIC SOLUTIONS FOR INFERIOR ALVEOLAR NERVE BLOCK IN PATIENTS WITH SYMPTOMATIC IRREVERSIBLE PULPITIS: A RANDOMIZED DOUBLE - BLIND STUDY | ||
| 260 |
_aDELHI NCR _bSGT UNIVERSITY GURUGRAM _c2017 |
||
| 300 | _a1-59 | ||
| 650 | _aCONSERVATIVE DENTISTRY | ||
| 942 |
_2ddc _cTH |
||
| 999 |
_c16095 _d16095 |
||